Diccionari de religions (Registre núm. 68487)

MARC details
000 -LEADER
campo de control de longitud fija 00922amm a2200277 4500
008 - DATOS DE LONGITUD FIJA--INFORMACIÓN GENERAL
campo de control de longitud fija 150918s2015 o | cat d
041 ## - CÓDIGO DE IDIOMA
Código de lengua del texto/banda sonora o título independiente cat
110 ## - ENTRADA PRINCIPAL--NOMBRE DE ENTIDAD CORPORATIVA
Nombre de entidad corporativa o nombre de jurisdicción como elemento de entrada Associació Unesco per al Diàleg Interreligiós
9 (RLIN) 71933
245 ## - MENCIÓN DEL TÍTULO
Título Diccionari de religions
Medio [en línia]
Mención de responsabilidad, etc. Associació Unesco per al Diàleg Interreligiós
260 ## - PUBLICACIÓN, DISTRIBUCIÓN, ETC.
Lugar de publicación, distribución, etc. Barcelona
Nombre del editor, distribuidor, etc. TERMCAT, Centre de Terminologia
Fecha de publicación, distribución, etc. 2015
490 ## - MENCIÓN DE SERIE
Mención de serie Diccionaris en Línia
500 ## - NOTA GENERAL
Nota general Categoria gramatical, arbre de camp, sinònims, remissions, àmbit d'ús
500 ## - NOTA GENERAL
Publicació TERMCAT termcat
520 ## - RESUMEN, ETC.
Nombre de termes 1.604
546 ## - NOTA DE IDIOMA
Llengua de les definicions català
591 ## - Codi de font
Codi de font RELIG-E
592 ## - Tipus obra
Tipus d'obra Obra terminològica
593 ## - Codi CGAT
Codi de la CGAT QK
650 ## - PUNTO DE ACCESO ADICIONAL DE MATERIA--TÉRMINO DE MATERIA
Término de materia o nombre geográfico como elemento de entrada religió
9 (RLIN) 63897
830 ## - PUNTO DE ACCESO ADICIONAL DE SERIE-TÍTULO UNIFORME
Título uniforme Diccionaris en Línia
9 (RLIN) 74364
856 ## - LOCALIZACIÓN Y ACCESO ELECTRÓNICOS
Identificador Uniforme de Recursos <a href="https://www.termcat.cat/ca/diccionaris-en-linia/193">https://www.termcat.cat/ca/diccionaris-en-linia/193</a>
901 ## - ELEMENTOS DE DATOS A LOCAL LDA (RLIN)
c cop. <2015>
902 ## - ELEMENTOS DE DATOS B LOCAL, LDB (RLIN)
a 150918
942 ## - ELEMENTOS DE ENTRADA SECUNDARIOS (KOHA)
Tipo de ítem Koha Monografia
Suprimir en OPAC No
Fuente del sistema de clasificación o colocación Clasificación Decimal Dewey
Fons
Estatus retirado Estado de pérdida Estado de daño No para préstamo Biblioteca de origen Biblioteca actual Fecha de adquisición Total de préstamos Código de barras Visto por última vez Identificador Uniforme de Recursos Precio de reemplazo Tipo de ítem Koha
        TERMCAT TERMCAT 18/09/2015   P_68580 20/01/2023 https://www.termcat.cat/ca/diccionaris-en-linia/193 20/01/2023 MO